SOCIAL PSYCHOLOGY (Record no. 132431)

MARC details
000 -LEADER
fixed length control field 00302pam a2200121 a 4500
020 ## - INTERNATIONAL STANDARD BOOK NUMBER
International Standard Book Number 81-203-2105-7
Terms of availability
041 ## - LANGUAGE CODE
Language code of original
082 ## - DEWEY DECIMAL CLASSIFICATION NUMBER
Classification number 155.92
Item number BAR
100 ## - MAIN ENTRY--PERSONAL NAME
Personal name BARON R.A.,BYRNE D.,
245 ## - TITLE STATEMENT
Title SOCIAL PSYCHOLOGY
Medium Textual Documents
260 ## - PUBLICATION, DISTRIBUTION, ETC.
Place of publication, distribution, etc. NEW DELHI
Name of publisher, distributor, etc. PRENTICE HALL OF INDIA
Date of publication, distribution, etc. 2003
930 ## - EQUIVALENCE OR CROSS-REFERENCE-UNIFORM TITLE HEADING [LOCAL, CANADA]
Uniform title 13004
Holdings
Withdrawn status Lost status Damaged status Not for loan Collection Home library Current library Date acquired Total Checkouts Full call number Barcode Date last seen Copy number Price effective from Koha item type
          Institute of Management & Entrepreneurship Development, Pune Institute of Management & Entrepreneurship Development, Pune 19/04/2011   155.92 BAR IMP-IM-10685 01/03/2023 1 01/03/2023 Book